[Event "Detroit (MOR/3/33)"]
[Site "?"]
[Date "1990.??.??"]
[Round "?"]
[White "Winkelspecht, A."]
[Black "Tanner, M."]
[Result "1-0"]
[WhiteElo "1605"]
[BlackElo "1605"]
[PlyCount "31"]
[EventDate "1990.??.??"]

{3/(33)} 1. d4 Nf6 2. e3 g6 3. Bd3 Bg7 4. Nf3 O-O 5. O-O d6 6. Re1 b6 7. Nc3
Bb7 8. e4 c5 9. e5 Nfd7 10. e6 Nf6 11. Ng5 Qc8 12. exf7+ Rxf7 13. Nxf7 Kxf7 14.
Ne4 Nxe4 15. Bxe4 Bxd4 16. Qf3+ 1-0

[Event "Detroit (MOR/1b/12)"]
[Site "?"]
[Date "1990.??.??"]
[Round "?"]
[White "Winkelspecht, A."]
[Black "Stockman, David"]
[Result "1-0"]
[WhiteElo "1605"]
[BlackElo "1680"]
[PlyCount "49"]
[EventDate "1990.??.??"]

1. d4 Nf6 2. e3 c5 3. dxc5 e6 4. b4 a5 5. Ba3 axb4 6. Bxb4 Nc6 7. c3 b6 8. cxb6
Nxb4 9. cxb4 Bxb4+ 10. Nd2 Qxb6 11. Ngf3 Qa5 12. Bc4 Ne4 13. Bd3 Nxd2 14. Nxd2
Bb7 15. f3 Bc3 16. Rc1 Qe5 17. Ke2 Rxa2 18. Rc2 Qa5 19. Nc4 Rxc2+ 20. Qxc2 Qb4
21. Rb1 Qc5 22. Qxc3 Ba6 23. Rb8+ Bc8 24. Rxc8+ Qxc8 25. Nd6+ 1-0

[Event "Detroit (MOR/5/37)"]
[Site "?"]
[Date "1990.??.??"]
[Round "?"]
[White "Winkelspecht, A."]
[Black "Calton, David A"]
[Result "0-1"]
[WhiteElo "1605"]
[BlackElo "1605"]
[PlyCount "96"]
[EventDate "1990.??.??"]

{5/(37)} 1. d4 g6 2. e3 Bg7 3. Bd3 d6 4. Nf3 Nc6 5. c3 f5 6. O-O e5 7. dxe5
dxe5 8. Bc2 Qxd1 9. Rxd1 e4 10. Nd4 Nxd4 11. exd4 Nf6 12. d5 O-O 13. Bb3 Kh8
14. Bf4 Ne8 15. d6 cxd6 16. Bxd6 Nxd6 17. Rxd6 b6 18. Be6 Bxe6 19. Rxe6 Rfe8
20. Rxe8+ Rxe8 21. Na3 Rd8 22. Nc2 Rd2 23. Rc1 Bh6 24. f4 Bxf4 25. g3 Bh6 26.
b3 Re2 27. Nd4 Rxa2 28. Rd1 Be3+ 29. Kf1 Rd2 30. Rxd2 Bxd2 31. Ne2 Kg7 32. c4
Kf6 33. Nd4 Ke7 34. Nc6+ Kd6 35. Nxa7 e3 36. Nb5+ Kc5 37. Na3 Kb4 38. Nc2+ Kxb3
39. Nxe3 Bxe3 40. Kg2 Kxc4 41. Kf3 Bd4 42. Ke2 b5 43. Kd2 Kb3 44. Kd3 Be5 45.
Ke3 Kc2 46. h3 {[Remainder illegible]} Kc1 47. h4 Kb1 48. Kd3 b4 0-1

[Event "Detroit (MCO/5/2)"]
[Site "?"]
[Date "1990.??.??"]
[Round "?"]
[White "Wilson, Vester"]
[Black "Thompson, Dexter"]
[Result "1/2-1/2"]
[WhiteElo "2100"]
[BlackElo "2295"]
[PlyCount "240"]
[EventDate "1990.??.??"]

{5/(2)} 1. e4 e5 2. Nf3 Nc6 3. Bc4 Nf6 4. Ng5 d5 5. exd5 Na5 6. Bb5+ c6 7. dxc6
bxc6 8. Qf3 Rb8 9. Bxc6+ Nxc6 10. Qxc6+ Nd7 11. d4 Be7 12. Nf3 Rb6 13. Qa4 exd4
14. O-O O-O 15. a3 Bf6 16. b4 Ba6 17. Re1 Bc4 18. Qxa7 Qc8 19. Bf4 Rb7 20. Qa5
Bb5 21. Bg5 Bxg5 22. Nxg5 Nb8 23. Ne4 Nc6 24. Nd6 Qd7 25. Qxb5 Rxb5 26. Nxb5
Nxb4 27. Nxd4 Qxd4 28. c3 Qf6 29. axb4 g6 30. Ra2 Rd8 31. Rc2 Qe6 32. Rec1 Qe4
33. Nd2 Qe2 34. Nf1 Qb5 35. Rb2 Qg5 36. Rbb1 f5 37. c4 f4 38. Rc3 Qf5 39. Rbc1
Rb8 40. Rb3 Qg5 41. Rcb1 Qf5 42. c5 g5 43. h3 h5 44. c6 Qb5 45. Rc3 Kf7 46. Rc5
Qd3 47. c7 Rc8 48. Rbc1 g4 49. R1c3 Qb1 50. hxg4 hxg4 51. R5c4 Qf5 52. g3 fxg3
53. Nxg3 Qd5 54. Rc5 Qd1+ 55. Kg2 Qa4 56. b5 Qa8+ 57. Kg1 Ke6 58. Rc6+ Kd7 59.
Ne4 Qa1+ 60. Kg2 Qb1 61. Nf6+ Ke7 62. b6 Rh8 63. Rc1 Qf5 64. Ng8+ Rxg8 65. c8=Q
Rxc8 66. Rxc8 Qf3+ 67. Kg1 g3 68. R8c7+ Kd6 69. R1c2 gxf2+ 70. Kf1 Qd3+ 71.
Kxf2 Qd4+ 72. Kf1 Qxb6 73. R7c3 Qb5+ 74. Ke1 Qe5+ 75. Kd1 Qh5+ 76. Re2 Qh1+ 77.
Kc2 Qa1 78. Rd3+ Kc5 79. Rb3 Qa2+ 80. Rb2 Qa4+ 81. Kc1 Qa1+ 82. Kc2 Qa4+ 83.
Kd2 Qd4+ 84. Kc1 Qf4+ 85. Kb1 Qf1+ 86. Ka2 Qf7+ 87. Rb3 Qa7+ 88. Kb2 Qg7+ 89.
Rc3+ Kb4 90. Re4+ Kb5 91. Rec4 Qe5 92. Rc8 Qe2+ 93. Rc2 Qe5+ 94. Kb1 Qe1+ 95.
Kb2 Qe5+ 96. R2c3 Qe2+ 97. Ka3 Qe7+ 98. Ka2 Qe2+ 99. Rc2 Qe6+ 100. Kb1 Qe1+
101. Kb2 Qe5+ 102. R2c3 Qe2+ 103. Kb1 Qe1+ 104. Ka2 Qe2+ 105. Rc2 Qe6+ 106. Kb1
Qe1+ 107. Rc1 Qe4+ 108. R8c2 Kb4 109. Ka1 Qd4+ 110. Ka2 Qd5+ 111. Kb1 Qd3 112.
Kb2 Qd4+ 113. Ka2 Qd5+ 114. Ka1 Qd4+ 115. Kb1 Qd3 116. Kb2 Qd4+ 117. Kb1 Qd3
118. Kb2 Qd4+ 119. Ka2 Qd5+ 120. Kb1 Qd3 1/2-1/2

[Event "Detroit (RVO/2)"]
[Site "?"]
[Date "1990.??.??"]
[Round "?"]
[White "Wilson, Vester"]
[Black "Ross, G."]
[Result "1-0"]
[WhiteElo "2060"]
[BlackElo "1825"]
[PlyCount "27"]
[EventDate "1990.??.??"]

1. e4 d6 2. d4 g6 3. Nc3 Bg7 4. Be3 Nf6 5. f3 O-O 6. Qd2 c6 7. O-O-O b5 8. g4
b4 9. Nb1 a5 10. h4 Be6 11. h5 Nxg4 12. fxg4 Bxg4 13. Be2 Be6 14. Bh6 1-0

[Event "Detroit (MI Op/3/17)"]
[Site "?"]
[Date "1990.??.??"]
[Round "?"]
[White "Wilson, Vester"]
[Black "Manion, Tom"]
[Result "1-0"]
[WhiteElo "2140"]
[BlackElo "1915"]
[PlyCount "71"]
[EventDate "1990.??.??"]

{3/(17)} 1. e4 Nf6 2. e5 Nd5 3. d4 d6 4. Nf3 Bg4 5. Bc4 e6 6. h3 Bh5 7. O-O Nb6
8. Bb5+ c6 9. Bd3 d5 10. Be3 N8d7 11. a4 c5 12. a5 cxd4 13. Bxd4 Nc4 14. g4 Bg6
15. Qe1 Bc5 16. Bxc5 Nxc5 17. Bxg6 hxg6 18. b3 Nxa5 19. Qxa5 b6 20. Qb5+ Ke7
21. Kg2 a6 22. Qe2 Rh6 23. Nbd2 Qh8 24. Rh1 f5 25. g5 Rh5 26. h4 b5 27. c4 bxc4
28. bxc4 Ne4 29. cxd5 exd5 30. Rxa6 Rb8 31. Ra7+ Kf8 32. Qa6 Re8 33. Qxg6 Rxg5+
34. hxg5 Qxh1+ 35. Kxh1 Nxf2+ 36. Kg2 1-0

[Event "Detroit (MCO/3/9)"]
[Site "?"]
[Date "1990.??.??"]
[Round "?"]
[White "Wilson, Vester"]
[Black "Franke, R."]
[Result "1-0"]
[WhiteElo "2100"]
[BlackElo "1835"]
[PlyCount "47"]
[EventDate "1990.??.??"]

{3/(9)} 1. e4 c5 2. Nf3 Nc6 3. d4 cxd4 4. Nxd4 Nf6 5. Nc3 d6 6. Be3 g6 7. f3
Bg7 8. Qd2 a6 9. O-O-O Qc7 10. g4 h6 11. h4 b5 12. a3 Rb8 13. Be2 Bd7 14. g5
hxg5 15. hxg5 Rxh1 16. Rxh1 Nh5 17. f4 Ng3 18. Rh7 Nxe2+ 19. Ndxe2 Kf8 20. Nd4
Kg8 21. Qh2 b4 22. axb4 Nxd4 23. Rxg7+ Kxg7 24. Qh6+ 1-0

[Event "Detroit (RVO/4)"]
[Site "?"]
[Date "1990.??.??"]
[Round "?"]
[White "Wilson, Vester"]
[Black "Everett, Morgan"]
[Result "1-0"]
[WhiteElo "2060"]
[BlackElo "2140"]
[PlyCount "61"]
[EventDate "1990.??.??"]

1. e4 e5 2. Nf3 Nc6 3. Bc4 Nf6 4. Ng5 d5 5. exd5 Na5 6. Bb5+ c6 7. dxc6 bxc6 8.
Qf3 Rb8 9. Bxc6+ Nxc6 10. Qxc6+ Nd7 11. d3 Be7 12. Ne4 Rb6 13. Qa4 Qc7 14. Nbc3
Bb7 15. Qxa7 Qc6 16. Qa4 Qg6 17. O-O Rb4 18. Qa5 Qc6 19. a3 Rb6 20. Qa4 Qg6 21.
b4 Ra6 22. Qb5 Rb6 23. Qc4 O-O 24. Nd5 Re6 25. Nxe7+ Rxe7 26. Be3 Kh8 27. f3
Rc8 28. Nc5 Nb6 29. Qg4 Nd5 30. Qxg6 hxg6 31. Bd2 1-0

[Event "Detroit (MI Op/1a/28)"]
[Site "?"]
[Date "1990.??.??"]
[Round "?"]
[White "Wilson, Vester"]
[Black "Almquist, W."]
[Result "0-1"]
[WhiteElo "2140"]
[BlackElo "1870"]
[PlyCount "98"]
[EventDate "1990.??.??"]

1. e4 c5 2. Nf3 d6 3. d4 cxd4 4. Nxd4 Nf6 5. Nc3 a6 6. Be3 e6 7. f3 Be7 8. Qd2
Qc7 9. O-O-O Nbd7 10. g4 Ne5 11. g5 Nfd7 12. f4 Nc4 13. Bxc4 Qxc4 14. h4 b5 15.
Qd3 Qxd3 16. cxd3 Bb7 17. a3 O-O 18. h5 Rac8 19. g6 fxg6 20. hxg6 h6 21. Nxe6
Rf6 22. f5 d5 23. Bd4 dxe4 24. dxe4 Bxe4 25. Bxf6 Bxf6 26. Rhe1 Bxf5 27. Rxd7
Bxg6 28. Rg1 Bf7 29. Nxg7 Bxg7 30. Ra7 Rc6 31. Kd2 h5 32. Ne4 Bg6 33. Ng5 Bxb2
34. Nf7 Bd4 35. Nh6+ Kh8 36. Rxg6 Rxg6 37. Ra8+ Kh7 38. Nf5 Bc5 39. Kd3 Bxa3
40. Ke4 Rb6 41. Ng3 b4 42. Nxh5 b3 43. Ra7+ Kh6 44. Ng3 b2 45. Nf5+ Kg6 46.
Nh4+ Kf6 47. Kf4 b1=Q 48. Nf3 Qf5+ 49. Kg3 Bd6+ 0-1

[Event "Detroit (MCO/3/28)"]
[Site "?"]
[Date "1990.??.??"]
[Round "?"]
[White "Wilson, L."]
[Black "Reeves, Andre"]
[Result "0-1"]
[WhiteElo "1605"]
[BlackElo "1605"]
[PlyCount "36"]
[EventDate "1990.??.??"]

{3/(28)} 1. d4 f5 2. Nc3 g6 3. e4 d6 4. Bc4 Bg7 5. Be3 c6 6. Nge2 fxe4 7. Bxg8
Rxg8 8. Nxe4 d5 9. Ng5 h6 10. Nf3 Bf5 11. Qd2 Nd7 12. Bxh6 Bxh6 13. Qxh6 Qa5+
14. Nc3 O-O-O 15. O-O Qc7 16. g3 Rh8 17. Qf4 Qxf4 18. gxf4 Rh7 {[0-1, 54?]} 0-1

[Event "Detroit (MCO/1/25)"]
[Site "?"]
[Date "1990.??.??"]
[Round "?"]
[White "Wilson, L."]
[Black "Grams, Paul"]
[Result "0-1"]
[WhiteElo "1605"]
[BlackElo "1815"]
[PlyCount "90"]
[EventDate "1990.??.??"]

{1/(25)} 1. d4 Nf6 2. Nc3 d5 3. Bf4 c6 4. e3 g6 5. f3 Bg7 6. g4 Nbd7 7. Bd3 h5
8. g5 Nh7 9. h4 e5 10. dxe5 Nxe5 11. Nh3 Qb6 12. Rb1 Nxf3+ 13. Qxf3 Bxc3+ 14.
bxc3 Qxb1+ 15. Kf2 Qxa2 16. Kg3 Bg4 17. Qf2 O-O 18. Be5 Qa3 19. Qf4 Rad8 20.
Rf1 Qe7 21. Bf6 Qd6 22. Qxd6 Rxd6 23. Be7 Re6 24. Bc5 Ra8 25. Nf4 Nf8 26. Nxe6
Nxe6 27. Bd6 a5 28. c4 d4 29. e4 c5 30. Rb1 a4 31. Rxb7 a3 32. Rb1 a2 33. Ra1
Ra3 34. e5 Be2 35. Kf2 Bxd3 36. cxd3 Nf4 37. Bxc5 Nxd3+ 38. Ke2 Nxc5 39. e6
fxe6 40. Kf2 Nb3 41. Re1 a1=Q 42. Rxe6 Qb2+ 43. Kf3 Nc5+ 44. Re3 Rxe3+ 45. Kf4
Qf2# 0-1

[Event "Detroit (RVO/2)"]
[Site "?"]
[Date "1990.??.??"]
[Round "?"]
[White "Williams, Ron"]
[Black "Skidmore, Mike"]
[Result "1-0"]
[WhiteElo "1605"]
[BlackElo "1915"]
[PlyCount "81"]
[EventDate "1990.??.??"]

1. c4 c6 2. d4 d5 3. cxd5 cxd5 4. Nc3 Nf6 5. Nf3 e6 6. Bg5 Be7 7. e3 Nbd7 8.
Bd3 a6 9. O-O b5 10. Rc1 O-O 11. a3 b4 12. axb4 Bxb4 13. Ne5 Nb8 14. Qf3 Be7
15. Qh3 g6 16. Bh6 Re8 17. f4 Qd6 18. Ne2 Ne4 19. Ng3 f5 20. Nxe4 dxe4 21. Bc4
Bd7 22. Qg3 Bf8 23. Bg5 Bg7 24. Rfd1 Bb5 25. Bb3 Qb4 26. Rc3 Bxe5 27. dxe5 Bd3
28. Rdc1 Nd7 29. Qh4 Qb6 30. Kf2 Nc5 31. Rxc5 Qxb3 32. Rc7 h5 33. Qg3 Qxb2+ 34.
Kg1 Qe2 35. Bf6 Qg4 36. Qe1 Rab8 37. Qc3 Rb1 38. Rg7+ Kh8 39. Rxg6+ Kh7 40.
Qc7+ Kxg6 41. Qg7# 1-0

[Event "Detroit (RVO/1)"]
[Site "?"]
[Date "1990.??.??"]
[Round "?"]
[White "Williams, Ron"]
[Black "Rysztak, R."]
[Result "1-0"]
[WhiteElo "1605"]
[BlackElo "1930"]
[PlyCount "139"]
[EventDate "1990.??.??"]

1. c4 e6 2. Nc3 b6 3. Nf3 Bb7 4. e4 Bb4 5. Qc2 Nc6 6. a3 Be7 7. Be2 a5 8. O-O
Bf6 9. Nb5 Nge7 10. d4 Ng6 11. d5 Na7 12. a4 Nc8 13. Be3 c6 14. dxc6 Bxc6 15.
Rad1 O-O 16. Nfd4 Bb7 17. f4 Re8 18. e5 Be7 19. Bd3 Bc5 20. Be4 d5 21. cxd5
exd5 22. Bd3 Nf8 23. Rf3 g6 24. Rdf1 Qe7 25. Kh1 Rd8 26. Qf2 f5 27. Rg3 Kh8 28.
Rg5 Na7 29. Re1 Nc6 30. Nxc6 Bxc6 31. Rc1 Ne6 32. Bxc5 bxc5 33. Rg3 c4 34. Bb1
Bxb5 35. axb5 Rdb8 36. b3 Rxb5 37. bxc4 dxc4 38. Rgc3 Rab8 39. Ba2 Rb2 40. R3c2
c3 41. h3 Nc5 42. Qd4 Ne4 43. Bd5 Ng3+ 44. Kh2 Ne2 45. Rxe2 Rxe2 46. Rxc3 Rd8
47. Rc6 Qb4 48. Rc4 Qd2 49. Qxd2 Rxd2 50. Bf3 Kg8 51. Ra4 R2d4 52. Rxa5 Rxf4
53. Ra7 h5 54. e6 Re8 55. Bd5 Rd4 56. Ba2 Rdd8 57. e7+ Kh8 58. exd8=Q Rxd8 59.
Be6 Rd6 60. Re7 h4 61. Bc4 Rd4 62. Be2 Re4 63. Rxe4 fxe4 64. Kg1 Kg7 65. Kf2
Kf6 66. Ke3 Ke5 67. Bd1 g5 68. Bc2 Kf5 69. Bxe4+ Ke5 70. Kf3 1-0

[Event "Detroit (MCO/2/11)"]
[Site "?"]
[Date "1990.??.??"]
[Round "?"]
[White "Williams, Ron"]
[Black "Owens, James"]
[Result "0-1"]
[WhiteElo "1605"]
[BlackElo "2025"]
[PlyCount "128"]
[EventDate "1990.??.??"]

{2/(11)} 1. d4 Nf6 2. c4 g6 3. Nc3 Bg7 4. e4 d6 5. Nf3 O-O 6. Be2 e5 7. d5 Na6
8. a3 Nc5 9. Qc2 a5 10. Rb1 Nfxe4 11. Nxe4 Nxe4 12. O-O Nc5 13. Qd1 a4 14. Nd2
Bd7 15. f3 f5 16. Qe1 f4 17. b4 axb3 18. Nxb3 Na4 19. Bd3 b6 20. Be4 Qe7 21.
Bd2 Rf7 22. Bb4 Bf6 23. Qe2 Kh8 24. Kh1 Qf8 25. g4 fxg3 26. hxg3 Qh6+ 27. Qh2
Qxh2+ 28. Kxh2 Bg5 29. Kg2 Nc5 30. Nd2 Bxd2 31. Bxd2 Rxa3 32. Bh6 Ra2+ 33. Kg1
Bh3 34. Ra1 Ra5 35. Rxa5 bxa5 36. Rb1 Nd7 37. g4 Nb6 38. Kh2 Bxg4 39. fxg4 Kg8
40. Kg2 Re7 41. c5 Nd7 42. cxd6 cxd6 43. Rb7 Kf7 44. Bg5 Nf6 45. Rxe7+ Kxe7 46.
Kf3 Kf7 47. Bc1 Nxe4 48. Kxe4 h5 49. gxh5 gxh5 50. Kf5 a4 51. Kg5 e4 52. Kxh5
Kf6 53. Bb2+ Kf5 54. Kh4 Kf4 55. Kh3 Kf3 56. Ba3 e3 57. Bxd6 e2 58. Bb4 a3 59.
Kh4 a2 60. Bc3 a1=Q 61. Bxa1 e1=Q+ 62. Kg5 Qxa1 63. Kf5 Qe1 64. d6 Qe8 0-1

[Event "Detroit (RVO/4)"]
[Site "?"]
[Date "1990.??.??"]
[Round "?"]
[White "Williams, Ron"]
[Black "Lewis, James"]
[Result "1-0"]
[WhiteElo "1605"]
[BlackElo "1790"]
[PlyCount "133"]
[EventDate "1990.??.??"]

1. c4 Nf6 2. Nc3 g6 3. d4 Bg7 4. e4 d6 5. h3 O-O 6. Be3 Nc6 7. Nf3 e5 8. d5 Ne7
9. Qd2 Bd7 10. Be2 a6 11. O-O b5 12. b4 c6 13. Rac1 cxd5 14. cxd5 Nc8 15. Bd3
Nb6 16. Qe2 Rc8 17. Nd2 Nh5 18. Kh2 Nf4 19. Bxf4 exf4 20. Ncb1 Qf6 21. Nb3 Na4
22. Na5 Qe5 23. f3 Qg5 24. Nc6 Rfe8 25. Qf2 Rc7 26. Rc2 Rec8 27. Rfc1 Kh8 28.
Nd2 h5 29. Nb3 Kh7 30. Nba5 h4 31. a3 f5 32. exf5 gxf5 33. Kh1 Be8 34. Nd4 Rxc2
35. Rxc2 Rxc2 36. Bxc2 Bg6 37. Ne6 Qg3 38. Qd2 Be5 39. Nc6 Bc3 40. Qe2 Nb6 41.
Ne7 Nc4 42. Nf8+ Kg7 43. Nfxg6 Ne3 44. Bxf5 Be1 45. Bd3 Bf2 46. Nf5+ Nxf5 47.
Bxf5 Be3 48. Bc2 Kf7 49. Bb1 Ke8 50. Bf5 Qg5 51. Qc2 Kf7 52. Qe4 Bd4 53. Nxf4
Be5 54. Be6+ Kf6 55. Ne2 Kg7 56. f4 Qf6 57. fxe5 dxe5 58. Qf5 Qe7 59. Qg4+ Kh6
60. Bf5 Qf6 61. g3 hxg3 62. Nxg3 Qg5 63. Qxg5+ Kxg5 64. d6 Kf4 65. Kg2 e4 66.
d7 e3 67. d8=Q 1-0

[Event "Detroit (MCO/5/6)"]
[Site "?"]
[Date "1990.??.??"]
[Round "?"]
[White "Williams, Ron"]
[Black "Eagle, Chris"]
[Result "1-0"]
[WhiteElo "1605"]
[BlackElo "2100"]
[PlyCount "55"]
[EventDate "1990.??.??"]

{5/(6)} 1. c4 g6 2. Nc3 Bg7 3. d4 d6 4. Nf3 Nf6 5. e3 O-O 6. Be2 c5 7. d5 e6 8.
e4 exd5 9. exd5 Re8 10. O-O a6 11. a4 Nbd7 12. Bf4 Qc7 13. Qc2 Nh5 14. Bd2 Ne5
15. Nxe5 Bxe5 16. Bxh5 gxh5 17. Rae1 Kh8 18. Ne2 Rg8 19. f4 Bg7 20. f5 Qe7 21.
f6 Bxf6 22. Rxf6 Bh3 23. Nf4 Bxg2 24. Nxg2 Rxg2+ 25. Kxg2 Qd7 26. Qf5 Rg8+ 27.
Kh1 Qxa4 28. Rxf7 1-0

[Event "Lansing (Mini-Swiss.2/1)"]
[Site "?"]
[Date "1990.??.??"]
[Round "?"]
[White "Williams, BM."]
[Black "Gregory, Kevin"]
[Result "1/2-1/2"]
[WhiteElo "1675"]
[BlackElo "1775"]
[PlyCount "104"]
[EventDate "1990.??.??"]

{2/(1)} 1. d4 d5 2. Nc3 c6 3. Nf3 Bf5 4. e3 e6 5. g3 Nf6 6. Nh4 Bg6 7. Nxg6
hxg6 8. Bg2 Bd6 9. Qd3 Nbd7 10. f4 Qe7 11. e4 dxe4 12. Nxe4 Nxe4 13. Bxe4 Nf6
14. Bf3 O-O 15. Bd2 Rfd8 16. O-O-O c5 17. h4 Nh5 18. Rh3 cxd4 19. Qe2 Rac8 20.
Be1 Rd7 21. Bxh5 gxh5 22. Rxd4 Rdc7 23. c3 Bc5 24. Rd3 b5 25. Qxh5 b4 26. Qg5
f6 27. Qg4 bxc3 28. Bxc3 Bb4 29. Qf3 Qc5 30. g4 Qa5 31. Kb1 Qb5 32. Qd1 Bxc3
33. Rd8+ Kh7 34. Qc2+ g6 35. Rxc8 Qf1+ 36. Qc1 Qxc1+ 37. Kxc1 Bxb2+ 38. Kxb2
Rxc8 39. Rd3 Rc4 40. Rd6 Rxf4 41. Rxe6 Rxg4 42. Rxf6 Rxh4 43. Rf7+ Kh6 44. Rxa7
g5 45. Kc3 g4 46. Kd3 Kg5 47. Ke3 Rh6 48. Kf2 Rf6+ 49. Kg2 Rf5 50. Kg3 Rf3+ 51.
Kg2 Re3 52. Rg7+ Kf6 1/2-1/2

[Event "Lansing (Feb)"]
[Site "?"]
[Date "1990.??.??"]
[Round "?"]
[White "Welford, M."]
[Black "Wisckol, Richard"]
[Result "1-0"]
[WhiteElo "1690"]
[BlackElo "1710"]
[PlyCount "85"]
[EventDate "1990.??.??"]

1. e4 e6 2. d4 d5 3. Nd2 Nf6 4. e5 Nfd7 5. f4 c5 6. Ngf3 Nc6 7. Nb3 Qc7 8. Be3
c4 9. Nbd2 b5 10. c3 Be7 11. Be2 Qb6 12. O-O Bb7 13. Ng5 Bxg5 14. fxg5 Ndxe5
15. Kh1 Ng6 16. Qc2 Qc7 17. Rae1 O-O-O 18. Bf2 Rdf8 19. Bg3 Qd7 20. Bg4 Kd8 21.
a4 a6 22. axb5 axb5 23. b4 h5 24. Bxe6 fxe6 25. Qxg6 Ne7 26. Qxg7 Nf5 27. Qxd7+
Kxd7 28. Bf4 Ra8 29. Ra1 Rhf8 30. g3 e5 31. Bxe5 Ne3 32. Rxa8 Rxa8 33. Re1 Ng4
34. Kg2 Rf8 35. Re2 Bc8 36. h3 Nxe5 37. Rxe5 Kd6 38. g6 Rg8 39. Rg5 Ke6 40. Nf3
Kf6 41. Rxd5 Rxg6 42. Rxb5 h4 43. Nxh4 1-0

[Event "Lansing (Apr)"]
[Site "?"]
[Date "1990.??.??"]
[Round "?"]
[White "Welford, M."]
[Black "Rostrom, Richard"]
[Result "1-0"]
[WhiteElo "1770"]
[BlackElo "1720"]
[PlyCount "89"]
[EventDate "1990.??.??"]

1. e4 c6 2. d4 d5 3. Nc3 dxe4 4. Nxe4 Bf5 5. Ng3 Bg6 6. h4 h6 7. h5 Bh7 8. Nf3
Nd7 9. Bf4 Ngf6 10. Bd3 e6 11. c4 Bb4+ 12. Ke2 Ba5 13. Qc2 Bxd3+ 14. Qxd3 Bc7
15. Bxc7 Qxc7 16. Rad1 O-O-O 17. Rhe1 Rhe8 18. Kf1 e5 19. d5 Nc5 20. Qf5+ Kb8
21. b4 e4 22. bxc5 exf3 23. d6 fxg2+ 24. Kxg2 Rxe1 25. Rxe1 Qd7 26. Re7 Qxf5
27. Nxf5 Nxh5 28. Rxf7 Nf4+ 29. Kg3 Nd3 30. Rxg7 Nxc5 31. f3 Rh8 32. Nxh6 Rd8
33. Nf5 a6 34. Kf4 Ne6+ 35. Ke5 Nxg7 36. Nxg7 c5 37. Ne6 Kc8 38. Nxc5 b5 39.
cxb5 axb5 40. f4 Re8+ 41. Kd5 Re2 42. Kc6 Rc2 43. f5 b4 44. f6 Rf2 45. d7+ 1-0

[Event "Lansing (Apr)"]
[Site "?"]
[Date "1990.??.??"]
[Round "?"]
[White "Welford, M."]
[Black "McIntosh, S."]
[Result "0-1"]
[WhiteElo "1770"]
[BlackElo "1720"]
[PlyCount "102"]
[EventDate "1990.??.??"]

1. e4 e6 2. d4 d5 3. Nd2 c5 4. Ngf3 Nf6 5. e5 Nfd7 6. c3 Nc6 7. Bb5 Qb6 8. Bxc6
bxc6 9. Qb3 Ba6 10. Qxb6 Nxb6 11. Nb3 cxd4 12. Nfxd4 c5 13. Nc6 Kd7 14. Nca5
Be7 15. Be3 Rhc8 16. Kd2 Nc4+ 17. Nxc4 Bxc4 18. Na5 Ba6 19. Nb3 Rab8 20. Rhb1
Rc7 21. Nc1 Bf1 22. g3 Bh3 23. b3 Rcb7 24. Ne2 a5 25. f3 Bf5 26. Rc1 c4 27. g4
Bg6 28. Nf4 cxb3 29. axb3 Bd8 30. Nxg6 hxg6 31. c4 Rxb3 32. cxd5 exd5 33. Ra2
Rb2+ 34. Rc2 Rxc2+ 35. Rxc2 Bc7 36. f4 Rb5 37. Ra2 g5 38. Ke2 gxf4 39. Bxf4 Ke6
40. Rc2 Bxe5 41. Bxe5 Kxe5 42. Rc7 Ke6 43. h4 a4 44. g5 g6 45. Rc6+ Kd7 46. Ra6
Rb4 47. Ra7+ Ke6 48. Ra6+ Ke5 49. Rf6 Rxh4 50. Rxf7 a3 51. Kf3 Ra4 0-1

[Event "Detroit (MOR/3/59)"]
[Site "?"]
[Date "1990.??.??"]
[Round "?"]
[White "Weber, K."]
[Black "Vangilder, W."]
[Result "1-0"]
[WhiteElo "1605"]
[BlackElo "1605"]
[PlyCount "103"]
[EventDate "1990.??.??"]

{3/(59)} 1. d4 d5 2. e3 g6 3. Nf3 Bg7 4. Be2 Nf6 5. O-O O-O 6. c4 c6 7. b4 b5
8. cxd5 cxd5 9. Bxb5 Bd7 10. Be2 a6 11. Nc3 Ne4 12. Bb2 Nxc3 13. Bxc3 Bb5 14.
Bxb5 axb5 15. a4 Nd7 16. axb5 Rxa1 17. Qxa1 Nb6 18. Ne5 Bxe5 19. dxe5 e6 20.
Qa5 Nc4 21. Qxd8 Rxd8 22. Bd4 Rb8 23. b6 Nxb6 24. Bxb6 Rxb6 25. Rb1 Kf8 26. Kf1
Ke7 27. Ke2 f5 28. Kd3 Rb5 29. Kc3 g5 30. f4 g4 31. Ra1 Rb7 32. Ra5 Kd7 33. b5
Rc7+ 34. Kb4 h5 35. b6 Rc1 36. Rc5 Rb1+ 37. Ka5 Ra1+ 38. Kb5 Rb1+ 39. Ka6 Ra1+
40. Kb7 Rb1 41. Rc6 Rb3 42. Rd6+ Ke7 43. Kc7 Rxe3 44. b7 Rc3+ 45. Rc6 Rb3 46.
b8=Q Rxb8 47. Kxb8 Kd7 48. Rd6+ Ke7 49. Kc7 h4 50. Rd7+ Ke8 51. Kd6 d4 52. Kxe6
1-0

[Event "Lansing (Feb)"]
[Site "?"]
[Date "1990.??.??"]
[Round "?"]
[White "Weber, K."]
[Black "Suess, J."]
[Result "0-1"]
[WhiteElo "1605"]
[BlackElo "1605"]
[PlyCount "80"]
[EventDate "1990.??.??"]

1. d4 d5 2. c4 e6 3. Nc3 Bb4 4. Bd2 dxc4 5. Qa4+ Nc6 6. a3 Bxc3 7. bxc3 Qd5 8.
Rb1 Nge7 9. e3 a6 10. Nf3 b5 11. Qc2 Na5 12. e4 Qd7 13. Be2 Bb7 14. O-O Nb3 15.
Bf4 f6 16. Bd1 g5 17. Bg3 h5 18. h3 O-O-O 19. Qe2 h4 20. Bh2 a5 21. e5 Rhf8 22.
exf6 Rxf6 23. Nxg5 Nd5 24. Qe5 Nd2 25. Bg4 Nxb1 26. Bxe6 Rxe6 27. Nxe6 Re8 28.
Nc5 Rxe5 29. Nxd7 Rg5 30. Nc5 Ndxc3 31. f3 Nd2 32. Kh1 Nxf1 33. Bxc7 Ng3+ 34.
Bxg3 Rxg3 35. Ne6 Nd5 36. Kg1 c3 37. Nc5 c2 38. Nd3 Ne3 39. Kf2 Nd1+ 40. Kg1
Bxf3 0-1

[Event "Lansing (Mini-Swiss.4/2)"]
[Site "?"]
[Date "1990.??.??"]
[Round "?"]
[White "Weber, K."]
[Black "Moore, H."]
[Result "1-0"]
[WhiteElo "1605"]
[BlackElo "1605"]
[PlyCount "81"]
[EventDate "1990.??.??"]

{4/(2)} 1. d4 g6 2. e3 Bg7 3. Nf3 c6 4. Be2 d6 5. O-O Qc7 6. c4 e5 7. b4 Be6 8.
Bb2 e4 9. Ng5 Bf5 10. Nc3 Nf6 11. Rc1 h5 12. d5 Nbd7 13. Qc2 cxd5 14. Nxd5 Nxd5
15. Bxg7 Nxb4 16. Qb3 Nd3 17. Bxd3 exd3 18. Bxh8 f6 19. e4 Nc5 20. Qb5+ Ke7 21.
exf5 Rxh8 22. Rfe1+ Kd8 23. Ne6+ Nxe6 24. fxe6 Ke7 25. Rb1 Rd8 26. Qxb7 Rc8 27.
Qxc7+ Rxc7 28. Rbd1 Rxc4 29. Rxd3 Rc5 30. Rb3 Rc7 31. h3 h4 32. g4 hxg3 33.
Rxg3 Rc5 34. Rxg6 Rc2 35. Rg7+ Ke8 36. e7 Rc8 37. Rg8+ Kd7 38. Rxc8 Kxc8 39.
e8=Q+ Kc7 40. Rc1+ Kb6 41. Qc6+ 1-0

[Event "Detroit (MOR/1a/12)"]
[Site "?"]
[Date "1990.??.??"]
[Round "?"]
[White "Weber, K."]
[Black "Lewis, James"]
[Result "0-1"]
[WhiteElo "1605"]
[BlackElo "1720"]
[PlyCount "66"]
[EventDate "1990.??.??"]

1. d4 d5 2. e3 c5 3. Nf3 Nf6 4. c4 Nc6 5. Nc3 cxd4 6. Nxd4 e5 7. Nf3 e4 8. Nd4
Ne5 9. cxd5 a6 10. Qc2 Be7 11. Nxe4 Nxd5 12. a3 O-O 13. Be2 Bd7 14. Bd2 Rc8 15.
Bc3 Qe8 16. Qd2 f5 17. Nxf5 Nxc3 18. Nxe7+ Qxe7 19. Nxc3 Bc6 20. Rg1 Qh4 21.
O-O-O Rxf2 22. Qd6 Re8 23. Rd4 Qxh2 24. Bc4+ Kh8 25. Rgd1 Qxg2 26. R1d2 Nxc4
27. Rxf2 Qxf2 28. Qb4 Nxe3 29. Rd2 Qf1+ 30. Nd1 h5 31. Qd4 Bf3 32. Qd7 Rg8 33.
Qd4 Nxd1 0-1

[Event "Lansing (Mini-Swiss.4/3)"]
[Site "?"]
[Date "1990.??.??"]
[Round "?"]
[White "Weber, K."]
[Black "Hill, M."]
[Result "1-0"]
[WhiteElo "1605"]
[BlackElo "1605"]
[PlyCount "85"]
[EventDate "1990.??.??"]

{4/(3)} 1. d4 Nf6 2. e3 d5 3. Bd3 g6 4. Nd2 Bg7 5. Ngf3 b6 6. O-O O-O 7. Ne5
Bb7 8. f4 Nbd7 9. Ndf3 Ne8 10. c4 f6 11. Ng4 c6 12. a4 a5 13. b3 Nd6 14. Ba3
Qc7 15. cxd5 cxd5 16. Rc1 Bc6 17. Bb5 Nb8 18. Rc2 Qd7 19. Bxc6 Nxc6 20. Nf2
Rac8 21. Re1 Rfe8 22. Ree2 e5 23. dxe5 fxe5 24. Qxd5+ Re6 25. Ng5 Ne7 26. Qxe6+
Qxe6 27. Nxe6 Nef5 28. Nxg7 Kxg7 29. Bxd6 Nxd6 30. Ng4 e4 31. Rcd2 Nf5 32. Rd7+
Kg8 33. Red2 Rf8 34. Rd8 h5 35. Ne5 Rxd8 36. Rxd8+ Kg7 37. Nc4 Kf6 38. Kf2 g5
39. fxg5+ Kxg5 40. Nxb6 h4 41. Rd5 Kg4 42. Rxa5 h3 43. gxh3+ 1-0

[Event "Detroit (MOR/6/50)"]
[Site "?"]
[Date "1990.??.??"]
[Round "?"]
[White "Weber, K."]
[Black "Genik, R."]
[Result "1/2-1/2"]
[WhiteElo "1605"]
[BlackElo "1605"]
[PlyCount "68"]
[EventDate "1990.??.??"]

{6/(50)} 1. d4 Nf6 2. e3 d5 3. Bd3 e6 4. Nd2 c5 5. c3 Nc6 6. f4 h5 7. Ngf3 Ng4
8. Qe2 c4 9. Bc2 b5 10. a3 f5 11. Ng5 Be7 12. Ndf3 a5 13. h3 Nf6 14. Bd2 Ne4
15. Nxe4 fxe4 16. Ne5 Nxe5 17. fxe5 Bh4+ 18. Kd1 Qg5 19. Be1 Bxe1 20. Rxe1 Rf8
21. Rf1 Rxf1+ 22. Qxf1 Qxe3 23. Qe2 Qg1+ 24. Qe1 Qxg2 25. Qh4 Qf3+ 26. Ke1 Qh1+
27. Kd2 Qxa1 28. Qxh5+ Kd7 29. Qf7+ Kc6 30. Qe8+ Kc7 31. Qe7+ Bd7 32. Qd6+ Kd8
33. Qf8+ Be8 34. Qd6+ Kc8 1/2-1/2